000 00704cam a22002291 4500
001 sa 68003502
003 DLC
005 20260227112453.0
008 890822s1967 ii b 000 0 hino
010 _asa 68003502
035 _a(OCoLC)20231558
040 _aDLC
_cWaU
_dNRU
_dDLC
042 _apremarc
050 0 0 _aPK2033
_b.M48
100 1 _aMisra, Durga Shankar.
245 1 0 _aMūlyāṅkana aura nirūpaṇa;
_b[vicārapurṇa samīkshātmaka nibandoṃ kā cāru-cayana.
_cLekhaka] Durgāśankara Misra.
260 _aLakhanaū,
_bBhāratīya Granthamālā
_c[1967]
300 _a213 p.
_c22 cm.
500 _aIn Hindi.
504 _aBibliographical footnotes.
650 0 _aHindi literature.
999 _c79528
_d79528